000 01675cam a22004574i 4500
003 PE-LiUPU
005 20250731173435.0
008 150616s1987 ag r 000 0 spa d
020 _a9509368059
035 _a(Sirsi) i9789509368057
040 _aPE-LiUPU
_bspa
_cPE-LiUPU
_erda
049 _aPRUA
082 0 4 _a270.6063
_bA44
_221
100 1 _aAltmann, Walter,
_eautor.
245 1 0 _aConfrontación y Liberación; Una perspectiva Latinoamericana sobre Martín Lutero.
264 1 _aBuenos Aires :
_bAsociación Interconfesional de Estudios Teológicos,
_c1987.
300 _a254 páginas ;
_c20 centímetros
336 _atext
_2rdacontent
337 _aunmediated
_2rdamedia
338 _avolume
_2rdacarrier
505 0 _aConfrontación y liberación -- El alcance político-social de Lutero -- Hacia una interpretación de Lutero -- En definitiva ¿Qué quiso Lutero?.
526 _aSEG42
526 _aSEG41
526 _aSEG40
526 _aSEG39
526 _aP94
526 _aP87
526 _aP86
526 _aP85
526 _aP77
526 _aP76
526 _aP35
650 0 4 _aLutero, Martin, 1483-1546 - Conferencias.
910 _ajck
_bjvq
_cjck
942 _2ddc
_cBOOK
949 _a270.6063 A44
_wDEWEY
_c1
_i39547
_lCCODEBUL1
_mBUL
_r0
_sY
_tBOOK
_u2015-6-16
_xTEOLOGIA
_zUNKNOWN
_0COMPRA
_o.STAFF. Colección Teología
994 _aC0
_bPEPRU
596 _a1
999 _a270.6063 A44
_wDEWEY
_c56555
_i39547
_d56555
_e2017-11-24
_f2021-11-11
_g6
_lCCODEBUL1
_mBUL
_n1
_p25.00
_r0
_sY
_tBOOK
_u2015-6-16
_xTEOLOGIA
_PP35
_0COMPRA
_o.STAFF. Colección Teología
980 _81
_gALBERTO SANCHEZ Responsable de Automatización